Podnikové kvalifikačné vzdelávanie a inovačná aktivita v podniku

Pri koncipovaní článku vychádzame z myšlienky inovačného priestoru, ako časti podniku zameriavajúcu sa na inovačné aktivity, ktorých cieľ je dosiahnuť zlepšenie ekonomických parametrov, kde významnú úlohu zohráva podnikové kvalifikačné vzdelávanie. Cieľom príspevku je charakterizovať jednotlivé...

Ausführliche Beschreibung

Gespeichert in:
Bibliographische Detailangaben
1. Verfasser: Matulčíková, Marta, 1964-
Format: Buchkapitel
Sprache:Slowakisch
Schlagworte:
Tags: Tag hinzufügen
Keine Tags, Fügen Sie das erste Tag hinzu!

MARC

LEADER 00000naa$a2200000$$$4500
001 0312323
005 20250917083011.0
041 0 |a slo 
044 |a CZ 
245 1 0 |a Podnikové kvalifikačné vzdelávanie a inovačná aktivita v podniku  |c Marta Matulčíková 
520 |a Pri koncipovaní článku vychádzame z myšlienky inovačného priestoru, ako časti podniku zameriavajúcu sa na inovačné aktivity, ktorých cieľ je dosiahnuť zlepšenie ekonomických parametrov, kde významnú úlohu zohráva podnikové kvalifikačné vzdelávanie. Cieľom príspevku je charakterizovať jednotlivé druhy kvalifikačného vzdelávania a typy inovácií. Empirická časť článku sa zameria na druhy vzdelávanie a ich dosah na jednotlivé typy inovácií, prípadne vplyvy realizovaných inovačných aktivít navzájom. 
610 2 0 |a podnik 
610 2 0 |a inovácie technologické 
610 2 0 |a vzdelávanie celoživotné 
610 2 0 |a štatistika 
100 1 |a Matulčíková, Marta, 1964-